[Event "25th European Teams Women"]
[Site "Batumi GEO"]
[Date "2025.10.14"]
[Round "9.8"]
[Board "4"]
[White "Lhotska, Anna"]
[Black "Mehmed, Elif"]
[Result "1-0"]
[WhiteTitle "WFM"]
[BlackTitle "WGM"]
[WhiteElo "2165"]
[BlackElo "2295"]
[WhiteTeam "Czech Republic"]
[BlackTeam "Serbia"]
[WhiteFideId "376183"]
[BlackFideId "2921103"]
[EventDate "2025.10.05"]

1. e4 c5 2. Nf3 Nc6 3. d4 cxd4 4. Nxd4 Nf6 5. Nc3 e5 6. Ndb5 d6 7. Bg5 a6 8. Na3
b5 9. Bxf6 gxf6 10. Nd5 f5 11. g3 fxe4 12. Bg2 Bg7 13. Bxe4 Be6 14. Qh5 h6 15.
c3 O-O 16. Nc2 f5 17. Bg2 e4 18. Nce3 Ne7 19. Rd1 Rc8 20. Rd2 Rc5 21. Qd1 Ng6
22. O-O Be5 23. f4 exf3 24. Bxf3 Qg5 25. Rg2 Kh8 26. h4 Qd8 27. h5 Ne7 28. Nf4
Bf7 29. Qd2 Rc8 30. Nc2 Kh7 31. g4 Bc4 32. Rff2 Bxf4 33. Qxf4 Bd3 34. Nd4 Qe8
35. Ne6 Rf6 36. Qxd6 Qf7 37. Qxd3 Rxe6 38. gxf5 Re1+ 39. Kh2 Qf6 40. Qd4 Rf8 41.
Rg4 Qf7 42. Kg2 Rg8 43. f6 Nf5 44. Qd3 Qxh5 45. Qd7+ Re7 46. fxe7 Rxg4+ 47. Kf1
Qh3+ 48. Ke2 Rg7 49. Qxf5+ Qxf5 50. e8=Q Qc2+ 51. Ke3 Qc1+ 52. Kd4 Rg8 53. Be4+
Kh8 54. Qe5+ 1-0

[Event "25th European Teams Women"]
[Site "Batumi GEO"]
[Date "2025.10.14"]
[Round "9.9"]
[Board "1"]
[White "Houska, Jovanka"]
[Black "Brunello, Marina"]
[Result "0-1"]
[WhiteTitle "IM"]
[BlackTitle "IM"]
[WhiteElo "2342"]
[BlackElo "2287"]
[WhiteTeam "England"]
[BlackTeam "Italy"]
[WhiteFideId "405094"]
[BlackFideId "822590"]
[EventDate "2025.10.05"]

1. Nf3 Nf6 2. c4 b6 3. g3 Bb7 4. Bg2 e6 5. O-O Be7 6. Nc3 O-O 7. Re1 Ne4 8. Nxe4
Bxe4 9. d3 Bb7 10. e4 c5 11. d4 cxd4 12. Nxd4 Nc6 13. Be3 Nxd4 14. Qxd4 Bc6 15.
Rac1 Qc7 16. a3 e5 17. Qd2 a5 18. f4 Qb7 19. fxe5 a4 20. Bd4 Bc5 21. Rc3 Rfe8
22. Kh1 Ra5 23. b4 axb3 24. Rxb3 Qa6 25. Bxc5 Rxc5 26. Qb2 Qxc4 27. Rxb6 h6 28.
Rb8 Rxb8 29. Qxb8+ Kh7 30. Qd6 Qc3 31. Rf1 Qxa3 32. h3 Qe3 33. Kh2 Rc2 34. Rxf7
Rxg2+ 35. Kxg2 Qxe4+ 36. Kf2 Qc2+ 37. Ke1 Qc3+ 38. Qd2 Qxg3+ 39. Qf2 Qxe5+ 40.
Kd2 Qb2+ 41. Kd3 Qb3+ 42. Kd4 Qb4+ 43. Ke5 Qc3+ 44. Kd6 Qxh3 45. Rf8 Qe6+ 46.
Kc7 Be4 47. Kd8 d5 48. Qf4 Bg6 49. Kc7 d4 50. Rd8 d3 51. Qf8 Qe5+ 52. Kb7 Be4+
53. Kb6 Qb2+ 54. Kc7 Qb7+ 55. Kd6 Qd5+ 56. Ke7 Qc5+ 57. Ke6 Bd5+ 58. Ke5 Qxf8
59. Rxf8 d2 0-1

[Event "25th European Teams Women"]
[Site "Batumi GEO"]
[Date "2025.10.14"]
[Round "9.9"]
[Board "2"]
[White "Sedina, Elena"]
[Black "Hunt, Harriet V"]
[Result "0-1"]
[WhiteTitle "IM"]
[BlackTitle "IM"]
[WhiteElo "2233"]
[BlackElo "2284"]
[WhiteTeam "Italy"]
[BlackTeam "England"]
[WhiteFideId "812153"]
[BlackFideId "403512"]
[EventDate "2025.10.05"]

1. e4 c5 2. Nf3 d6 3. d4 cxd4 4. Qxd4 Nc6 5. Qe3 g6 6. Bc4 Bh6 7. Qc3 Qa5 8. a3
Qxc3+ 9. Nxc3 Bd7 10. Bxh6 Nxh6 11. h3 Rc8 12. O-O-O f6 13. Rhe1 Nf7 14. Nd4
Nxd4 15. Rxd4 O-O 16. f4 Bc6 17. Be6 Rb8 18. Nd5 Rfe8 19. e5 dxe5 20. fxe5 Kg7
21. Nc7 Red8 22. exf6+ exf6 23. Rxd8 Nxd8 24. Bb3 Bxg2 25. Ne8+ Kh6 26. Nxf6 Nc6
27. Re2 Bf3 28. Re3 Bh1 29. Ng4+ Kg7 30. Nf2 Bg2 31. Rg3 Bf1 32. Rg1 Ba6 33. Re1
Rf8 34. Ng4 h5 35. Ne3 Rf3 36. h4 Rh3 37. Ng2 Rh2 38. Bd5 Nd4 39. Kb1 Nf5 40.
Nf4 Rxh4 41. Ne6+ Kf6 42. Nc5 Rd4 43. Bg2 h4 44. Ne4+ Kg7 45. c3 Rc4 46. b3 Rc7
47. c4 b6 48. Nc3 Bb7 49. Nd5 Rd7 50. Rg1 Rf7 51. Kb2 Ng3 52. b4 b5 53. Ne3 Rf2+
54. Kb3 bxc4+ 55. Kxc4 Bxg2 56. Nxg2 h3 0-1

[Event "25th European Teams Women"]
[Site "Batumi GEO"]
[Date "2025.10.14"]
[Round "9.9"]
[Board "3"]
[White "Mirzoeva, Elmira"]
[Black "Zimina, Olga"]
[Result "0-1"]
[WhiteTitle "WGM"]
[BlackTitle "IM"]
[WhiteElo "2300"]
[BlackElo "2274"]
[WhiteTeam "England"]
[BlackTeam "Italy"]
[WhiteFideId "4127951"]
[BlackFideId "4132190"]
[EventDate "2025.10.05"]

1. c4 c6 2. Nf3 d5 3. e3 Nf6 4. Nc3 a6 5. h3 e6 6. b3 Nbd7 7. Bb2 e5 8. g4 h6 9.
Qc2 Bd6 10. Be2 Qe7 11. O-O-O b5 12. Kb1 bxc4 13. bxc4 Ba3 14. Bxa3 Qxa3 15. d4
e4 16. Nd2 c5 17. cxd5 cxd4 18. exd4 Bb7 19. Nc4 Qe7 20. Ne3 O-O 21. Ka1 Nb6 22.
Nf5 Qd7 23. Qb3 Nbxd5 24. Na4 Rfb8 25. Nc5 Qc7 26. Rc1 Bc8 27. Qa3 Qf4 28. Rhf1
Bxf5 29. gxf5 Qd2 30. Nb3 Qxe2 31. Qd6 Nb4 32. Rg1 Qxa2# 0-1

[Event "25th European Teams Women"]
[Site "Batumi GEO"]
[Date "2025.10.14"]
[Round "9.9"]
[Board "4"]
[White "Gueci, Tea"]
[Black "Sivanandan, Bodhana"]
[Result "1/2-1/2"]
[WhiteTitle "WIM"]
[BlackTitle "WFM"]
[WhiteElo "2175"]
[BlackElo "2205"]
[WhiteTeam "Italy"]
[BlackTeam "England"]
[WhiteFideId "872342"]
[BlackFideId "497592"]
[EventDate "2025.10.05"]

1. e4 e5 2. Nf3 Nf6 3. d4 Nxe4 4. Bd3 d5 5. Nxe5 Nd7 6. Nc3 Nxe5 7. dxe5 Bb4 8.
O-O Nxc3 9. bxc3 Bxc3 10. Rb1 O-O 11. Bxh7+ Kxh7 12. Qd3+ Kg8 13. Qxc3 a5 14. f4
Bf5 15. Ba3 Re8 16. Rxb7 d4 17. Qc5 Be4 18. Rxc7 Rc8 19. Rxc8 Qxc8 20. Qxd4 Qxc2
21. Qb2 Qd3 22. Bc5 Rc8 23. Rc1 Qd5 24. Be3 Rxc1+ 25. Qxc1 Bxg2 26. Qd2 Qxd2 27.
Bxd2 Bd5 28. Bxa5 Bxa2 29. Kf2 f6 30. Ke3 fxe5 31. fxe5 Kf7 32. Kf4 Ke6 33. Bc3
g6 34. Kg5 Bb1 35. h4 Bc2 36. h5 gxh5 37. Kxh5 Bd3 1/2-1/2

[Event "25th European Teams Women"]
[Site "Batumi GEO"]
[Date "2025.10.14"]
[Round "9.10"]
[Board "1"]
[White "Unuk, Laura"]
[Black "Gaal, Zsoka"]
[Result "1/2-1/2"]
[WhiteTitle "IM"]
[BlackTitle "WGM"]
[WhiteElo "2317"]
[BlackElo "2395"]
[WhiteTeam "Slovenia"]
[BlackTeam "Hungary"]
[WhiteFideId "14609215"]
[BlackFideId "777765"]
[EventDate "2025.10.05"]

1. Nf3 Nf6 2. c4 e6 3. g3 d5 4. d4 Be7 5. Bg2 O-O 6. O-O a5 7. Qc2 Nc6 8. a3
dxc4 9. Qxc4 a4 10. Nc3 Bd7 11. Bf4 Na5 12. Qd3 Nd5 13. Rad1 Nxc3 14. Qxc3 Bc6
15. Rfe1 Bxf3 16. Bxf3 c6 17. e4 Bf6 18. Qb4 b5 19. Bd6 Re8 20. d5 e5 21. Bg4 h5
22. Bh3 cxd5 23. Rxd5 Nc6 24. Qc3 Ra6 25. Bc5 Qa8 26. Qf3 h4 27. Rc1 Rd8 28. Qd3
Qb7 29. Be3 Raa8 30. Rcc5 b4 31. Bd7 Ne7 32. Rd6 bxa3 33. bxa3 Qb3 34. Rc3 Qb2
35. Kg2 Rab8 36. Bxa4 Rxd6 37. Qxd6 Ra8 38. Rb3 Qe2 39. Rb8+ Rxb8 40. Qxb8+ Kh7
41. Qb1 Ng6 42. Qd1 Qc4 43. Bc2 Be7 44. a4 Bb4 45. Bd3 Qc8 46. Bb5 Kg8 47. Qb3
h3+ 48. Kf1 Ba5 49. f3 Nf8 50. Qc4 Qd8 51. Qd5 Qc7 52. Qc6 Qe7 53. Qc5 Qf6 54.
Be2 Bd8 55. a5 Ne6 56. Qd5 Nd4 57. Bxd4 exd4 58. a6 d3 59. Qxd3 Bb6 60. f4 Qa1+
61. Bd1 Qb2 62. Bc2 Qc1+ 63. Ke2 Qg1 64. e5 Qxh2+ 65. Kf3 g6 66. Kg4 Kg7 67. e6
f5+ 68. Kh4 Qg2 69. Qd7+ Kh6 70. Qe8 Bd4 71. Bxf5 Bf6+ 72. Kg4 Qe2+ 73. Kxh3
Qh5+ 74. Kg2 Qe2+ 75. Kh3 Qf1+ 76. Kh2 Qf2+ 77. Kh3 1/2-1/2

[Event "25th European Teams Women"]
[Site "Batumi GEO"]
[Date "2025.10.14"]
[Round "9.10"]
[Board "2"]
[White "Papp, Petra"]
[Black "Urh, Zala"]
[Result "1/2-1/2"]
[WhiteTitle "WGM"]
[BlackTitle "WIM"]
[WhiteElo "2267"]
[BlackElo "2252"]
[WhiteTeam "Hungary"]
[BlackTeam "Slovenia"]
[WhiteFideId "739049"]
[BlackFideId "14611481"]
[EventDate "2025.10.05"]

1. e4 c5 2. Nf3 Nc6 3. Nc3 g6 4. d4 cxd4 5. Nxd4 Bg7 6. Be3 Nf6 7. Bc4 O-O 8.
Bb3 d6 9. f3 Qa5 10. Qd2 Nxd4 11. Bxd4 Be6 12. O-O-O b5 13. Kb1 b4 14. Nd5 Bxd5
15. exd5 Qb5 16. Rhe1 a5 17. Qe2 Qxe2 18. Rxe2 a4 19. Bc4 Rfc8 20. Bb5 Ra5 21.
Bxf6 Bxf6 22. Bc6 a3 23. b3 Rc7 24. c4 Kf8 25. Bb5 Ra8 26. Kc2 h5 27. Bc6 Rb8
28. Kd3 Kg7 29. f4 h4 30. Rde1 Rh8 31. Re4 Rh5 32. R1e2 Kf8 33. Re1 Kg7 34. R1e2
Kf8 35. Re1 Kg7 36. R1e3 Kf8 37. Re2 Kg7 38. Re1 Kf8 39. R1e3 Kg7 40. Re2 Kf8 1/2-1/2

[Event "25th European Teams Women"]
[Site "Batumi GEO"]
[Date "2025.10.14"]
[Round "9.10"]
[Board "3"]
[White "Shpanko, Nadiia"]
[Black "Terbe, Julianna"]
[Result "0-1"]
[WhiteTitle "WIM"]
[BlackTitle "WIM"]
[WhiteElo "2174"]
[BlackElo "2206"]
[WhiteTeam "Slovenia"]
[BlackTeam "Hungary"]
[WhiteFideId "14132400"]
[BlackFideId "708780"]
[EventDate "2025.10.05"]

1. c4 c6 2. e4 d5 3. exd5 cxd5 4. d4 Nf6 5. Nf3 Nc6 6. Nc3 g6 7. cxd5 Nxd5 8.
Qb3 Nxc3 9. Bc4 Nd5 10. Bxd5 e6 11. Bxc6+ bxc6 12. O-O Qd5 13. Qc2 Bg7 14. Be3
O-O 15. Rfd1 Bb7 16. Qd2 Rfd8 17. Bh6 Bh8 18. Bg5 f6 19. Be3 Rd7 20. b3 Bg7 21.
Bh6 Bxh6 22. Qxh6 c5 23. h3 Rad8 24. dxc5 Qxc5 25. Rxd7 Rxd7 26. Rc1 Qf8 27.
Qxf8+ Kxf8 28. Rc3 Ke7 29. a3 Rd1+ 30. Kh2 Kd6 31. h4 e5 32. Ng1 f5 33. Nh3 Rd4
34. h5 gxh5 35. b4 h6 36. Ng1 Rd2 37. f3 Ba6 38. f4 e4 39. Rg3 Bf1 40. Rg6+ Kd5
41. Rf6 Rxg2+ 42. Kh1 Ra2 43. Rxf5+ Kd4 44. Rf6 Bg2+ 45. Kh2 Bf3+ 46. Kh3 Bg4+
47. Kg3 Rxa3+ 48. Kh2 Ke3 49. Kg3 Ra1 50. Nh3 Bxh3 51. Kxh3 Kf3 52. Kh2 e3 53.
Rg6 e2 0-1

[Event "25th European Teams Women"]
[Site "Batumi GEO"]
[Date "2025.10.14"]
[Round "9.10"]
[Board "4"]
[White "Karacsonyi, Kata"]
[Black "Vidic, Teja"]
[Result "1-0"]
[WhiteTitle "WFM"]
[BlackTitle "WIM"]
[WhiteElo "2195"]
[BlackElo "2119"]
[WhiteTeam "Hungary"]
[BlackTeam "Slovenia"]
[WhiteFideId "769584"]
[BlackFideId "14605511"]
[EventDate "2025.10.05"]

1. e4 e5 2. Nf3 Nc6 3. Bc4 Nf6 4. d3 h6 5. O-O d6 6. a4 Be7 7. Nc3 O-O 8. h3 Be6
9. Nd5 Bxd5 10. exd5 Nb4 11. d4 exd4 12. Nxd4 Nbxd5 13. Nf5 c6 14. Ra3 Qd7 15.
Rf3 Kh8 16. Qd4 Ne8 17. Bxd5 Bf6 18. Qg4 cxd5 19. Qh5 g6 20. Qxh6+ Kg8 21. Ne3
Bg7 22. Qg5 Nc7 23. Ng4 Rae8 24. b3 Qe7 25. Qd2 Qe2 26. Qf4 Re6 27. Nh6+ Bxh6
28. Qxh6 Rfe8 29. Bd2 Qe5 30. Rc3 Na6 31. Rd3 Nc5 32. Bc3 Nxd3 33. Bxe5 Nxe5 34.
Qd2 Rc8 35. f4 Nd7 36. f5 Re5 37. fxg6 fxg6 38. Qh6 Re6 39. Qg5 Ne5 40. Qd2 1-0

[Event "25th European Teams Women"]
[Site "Batumi GEO"]
[Date "2025.10.14"]
[Round "9.11"]
[Board "1"]
[White "Narva, Mai"]
[Black "Kirtadze, Anastasia"]
[Result "1-0"]
[WhiteTitle "IM"]
[BlackTitle "WFM"]
[WhiteElo "2403"]
[BlackElo "2303"]
[WhiteTeam "Estonia"]
[BlackTeam "Georgia 3"]
[WhiteFideId "4500512"]
[BlackFideId "13622714"]
[EventDate "2025.10.05"]

1. d4 Nf6 2. c4 e6 3. Nf3 Bb4+ 4. Bd2 a5 5. Nc3 O-O 6. e3 d6 7. Qc2 Qe7 8. a3
Bxc3 9. Bxc3 Nbd7 10. Be2 b6 11. e4 e5 12. d5 Nc5 13. Nd2 a4 14. O-O g5 15. g3
Bh3 16. Rfe1 h5 17. Bf1 Bd7 18. Bg2 Nh7 19. f4 gxf4 20. gxf4 f5 21. fxe5 dxe5
22. Nf3 fxe4 23. Nxe5 Bf5 24. Kh1 Nf6 25. Nc6 Qe8 26. Qd2 Kh7 27. Rf1 e3 28. Qd4
Be4 29. Ne5 Bxg2+ 30. Kxg2 Rg8+ 31. Kh1 Ng4 32. Nxg4 Rxg4 33. Rf4 Nb3 34. Qd3+
Qg6 35. Qxg6+ Kxg6 36. Rf6+ Kh7 37. Re1 Re8 38. Rf7+ Kh6 39. Rxc7 e2 40. Rc6+
Kg5 41. Re6 Rxe6 42. dxe6 Re4 43. Kg2 Kf4 44. Kf2 Rxe6 45. Rxe2 Rxe2+ 46. Kxe2
Ke4 47. Bf6 Na5 48. Kd2 Nxc4+ 49. Kc3 Ne3 50. Bd8 Nd1+ 51. Kb4 Kd5 52. Kxa4 Kc4
53. b3+ Kc5 54. b4+ Kc6 55. Kb3 b5 56. Bg5 Kd5 57. Be7 Kd4 58. Bf6+ Kd5 59. a4
bxa4+ 60. Kxa4 Kc6 61. b5+ Kc5 62. Ka5 Ne3 63. Be7+ Kd5 64. b6 Kc6 65. Ka6 Nd5
66. b7 Nc7+ 67. Ka7 Nb5+ 68. Ka8 Nc7+ 69. Kb8 Nb5 70. Bc5 Kxc5 71. Ka8 Nc7+ 72.
Ka7 Nb5+ 73. Ka6 Nc7+ 74. Ka5 1-0

[Event "25th European Teams Women"]
[Site "Batumi GEO"]
[Date "2025.10.14"]
[Round "9.11"]
[Board "2"]
[White "Mgeladze, Kesaria"]
[Black "Olde, Margareth"]
[Result "0-1"]
[WhiteTitle "WFM"]
[BlackTitle "WIM"]
[WhiteElo "2290"]
[BlackElo "2187"]
[WhiteTeam "Georgia 3"]
[BlackTeam "Estonia"]
[WhiteFideId "13621130"]
[BlackFideId "4503082"]
[EventDate "2025.10.05"]

1. e4 e5 2. Nf3 Nc6 3. Bb5 a6 4. Ba4 Nf6 5. O-O d6 6. Re1 b5 7. Bb3 Be7 8. c3
O-O 9. h3 Nb8 10. d4 Nbd7 11. Nbd2 c5 12. Nf1 Re8 13. dxe5 dxe5 14. Qe2 c4 15.
Bc2 Qc7 16. Bg5 h6 17. Bxf6 Nxf6 18. Ne3 Bb7 19. Nf5 Bf8 20. Nh2 h5 21. Rad1 g6
22. Ng3 Rad8 23. Ngf1 Bh6 24. Kh1 Kg7 25. Kg1 Qc6 26. f3 Nd7 27. Ne3 Nb6 28.
Nhf1 Bc8 29. Kh1 Be6 30. Qf2 Qc7 31. Qh4 f6 32. Qf2 Bf4 33. Ng3 Rxd1 34. Rxd1
Rd8 35. Ngf1 Rxd1 36. Nxd1 Qd6 37. Nfe3 Nd7 38. b4 cxb3 39. Bxb3 Bxb3 40. axb3
a5 41. Nd5 Qa6 42. Qe2 a4 43. bxa4 Qxa4 44. Nxf4 exf4 45. Qd2 Ne5 46. Kh2 g5 47.
Nf2 Qc4 48. Kg1 Qc5 49. Kh2 Qe3 50. Qc2 Nc4 51. Nd3 Nd2 52. Nb2 Qf2 53. Qd3 Nf1+
54. Kh1 Ne3 55. Qd7+ Kh6 0-1

[Event "25th European Teams Women"]
[Site "Batumi GEO"]
[Date "2025.10.14"]
[Round "9.11"]
[Board "3"]
[White "Blokhin, Sofia"]
[Black "Donghvani, Nia"]
[Result "1-0"]
[WhiteTitle "WFM"]
[BlackTitle "WFM"]
[WhiteElo "2071"]
[BlackElo "2127"]
[WhiteTeam "Estonia"]
[BlackTeam "Georgia 3"]
[WhiteFideId "4508190"]
[BlackFideId "13614649"]
[EventDate "2025.10.05"]

1. d4 Nf6 2. c4 e6 3. Nc3 Bb4 4. e3 O-O 5. Bd3 c5 6. Ne2 d5 7. cxd5 cxd4 8. exd4
exd5 9. Bg5 h6 10. Bh4 Nc6 11. O-O Be7 12. a3 Be6 13. Bc2 Qd7 14. f3 Bf5 15. Bb3
Ne8 16. Bg3 Be6 17. Nf4 Nc7 18. Re1 Bf6 19. Bf2 Rad8 20. Nh5 Be7 21. Be3 f5 22.
Nf4 Bf7 23. Nd3 Bf6 24. f4 Na5 25. Ne5 Bxe5 26. fxe5 Nxb3 27. Qxb3 b6 28. Rf1
Be6 29. Ne2 g5 30. g3 Qg7 31. Rf2 Rf7 32. Rg2 Bc8 33. Nf4 Kh8 34. Nh5 Qg6 35.
Nf6 Ne8 36. Nxe8 Rxe8 37. Rc1 Bb7 38. Qd3 Qe6 39. Rf1 Ref8 40. Rgf2 Qc8 41. Rc1
Qe6 42. Bd2 f4 43. gxf4 gxf4 44. Qf3 Ba6 45. Bb4 Rg8+ 46. Rg2 Rxg2+ 47. Kxg2
Qg6+ 48. Kf2 Rg7 49. Bf8 Rg8 50. Be7 Qe4 51. Bf6+ Kh7 52. Rc7+ Kg6 53. Qg4# 1-0

[Event "25th European Teams Women"]
[Site "Batumi GEO"]
[Date "2025.10.14"]
[Round "9.11"]
[Board "4"]
[White "Tsetskhladze, Mariam"]
[Black "Tsiganova, Monika"]
[Result "1-0"]
[WhiteTitle "WFM"]
[BlackTitle "WIM"]
[WhiteElo "1987"]
[BlackElo "2057"]
[WhiteTeam "Georgia 3"]
[BlackTeam "Estonia"]
[WhiteFideId "13623834"]
[BlackFideId "4500199"]
[EventDate "2025.10.05"]

1. e4 c6 2. d4 d5 3. e5 Bf5 4. h4 h5 5. Bd3 Bxd3 6. Qxd3 e6 7. Nf3 Nd7 8. O-O
Ne7 9. Bg5 Qb6 10. Nc3 Nf5 11. Ne2 f6 12. Bf4 Be7 13. Ng3 O-O-O 14. Nxf5 exf5
15. Qxf5 fxe5 16. Bxe5 Rdf8 17. Qh3 Bf6 18. Ng5 Rhg8 19. Nh7 Rf7 20. Qe6 Rgf8
21. Nxf8 Rxf8 22. Bxf6 gxf6 23. c4 dxc4 24. Qxc4 Qxb2 25. d5 c5 26. Rab1 Qa3 27.
d6 a6 28. Qd5 1-0

[Event "25th European Teams Women"]
[Site "Batumi GEO"]
[Date "2025.10.14"]
[Round "9.12"]
[Board "1"]
[White "De Rycke, Tyani"]
[Black "Roebers, Eline"]
[Result "0-1"]
[WhiteTitle "WFM"]
[BlackTitle "IM"]
[WhiteElo "2114"]
[BlackElo "2383"]
[WhiteTeam "Belgium"]
[BlackTeam "Netherlands"]
[WhiteFideId "247936"]
[BlackFideId "1058401"]
[EventDate "2025.10.05"]

1. e4 g6 2. Nc3 Bg7 3. g3 Nc6 4. Bg2 h5 5. h3 h4 6. g4 e5 7. d3 d6 8. Nd5 Nd4 9.
c3 Ne6 10. Ne2 c6 11. Ne3 b6 12. d4 Ba6 13. d5 Bxe2 14. Qxe2 Nf4 15. Qc4 cxd5
16. exd5 Ne7 17. Qb5+ Kf8 18. Be4 Rc8 19. c4 Rc5 20. Qa6 Qd7 21. Bd2 f5 22. gxf5
gxf5 23. Bc2 e4 24. O-O-O Kf7 25. Kb1 Rb8 26. Bb4 Ra5 27. Bxa5 bxa5 28. b3 Qc7
29. c5 Qxc5 30. Nc4 Rb6 31. Nxb6 axb6 32. Qc4 Qa3 33. Rd4 b5 34. Qc3 Ne2 35. Qb2
Qxb2+ 36. Kxb2 Bxd4+ 37. Kb1 Nxd5 38. Bd1 Ndc3+ 39. Kc2 Nxd1 40. Rxd1 f4 41. Re1
f3 42. Rf1 Kf6 0-1

[Event "25th European Teams Women"]
[Site "Batumi GEO"]
[Date "2025.10.14"]
[Round "9.12"]
[Board "2"]
[White "Van Foreest, Machteld"]
[Black "Vanduyfhuys, Daria"]
[Result "1-0"]
[WhiteTitle "FM"]
[BlackTitle "WFM"]
[WhiteElo "2314"]
[BlackElo "2094"]
[WhiteTeam "Netherlands"]
[BlackTeam "Belgium"]
[WhiteFideId "1051563"]
[BlackFideId "246336"]
[EventDate "2025.10.05"]

1. e4 e5 2. Nf3 Nc6 3. Bc4 Bc5 4. c3 Nf6 5. d3 a6 6. Bb3 Ba7 7. Nbd2 d6 8. h3 h6
9. Nf1 Be6 10. Ng3 Qd7 11. Bxe6 fxe6 12. Qe2 Ne7 13. d4 exd4 14. cxd4 Qb5 15.
Qc2 Qc6 16. Qxc6+ Nxc6 17. Be3 d5 18. e5 Ne4 19. Ne2 Kd7 20. h4 Nb4 21. O-O Nc2
22. Rac1 Nxe3 23. fxe3 c5 24. Ne1 Rhf8 25. Nd3 c4 26. Ndf4 g5 27. Ng6 Rg8 28.
Rf7+ Ke8 29. Rcf1 Rxg6 30. Rf8+ Kd7 31. Rxa8 Bb6 32. Rf7+ Kc6 33. h5 1-0

[Event "25th European Teams Women"]
[Site "Batumi GEO"]
[Date "2025.10.14"]
[Round "9.12"]
[Board "3"]
[White "Goossens, Hanne"]
[Black "Kazarian, Anna-Maja"]
[Result "1-0"]
[WhiteTitle "WIM"]
[BlackTitle "FM"]
[WhiteElo "2091"]
[BlackElo "2244"]
[WhiteTeam "Belgium"]
[BlackTeam "Netherlands"]
[WhiteFideId "200468"]
[BlackFideId "1033689"]
[EventDate "2025.10.05"]

1. e4 c5 2. c3 d5 3. exd5 Qxd5 4. d4 g6 5. Nf3 Bg7 6. Nbd2 cxd4 7. Bc4 Qd8 8.
Nxd4 Nf6 9. O-O O-O 10. N2f3 Qc7 11. Qe2 a6 12. Bb3 Bg4 13. h3 Bxf3 14. Nxf3 Nc6
15. Re1 Rad8 16. Bg5 h6 17. Bh4 Nh5 18. Qe4 Kh7 19. Rad1 Rxd1 20. Rxd1 e5 21.
Qd5 f5 22. Qe6 Nf4 23. Qc4 Qb6 24. Rd7 Na5 25. Qc7 Qxc7 26. Rxc7 g5 27. Bg3 Ne2+
28. Kf1 Nxg3+ 29. fxg3 Kg6 30. Bd5 e4 31. Nd2 Rd8 32. Bf7+ Kf6 33. Ke2 Bf8 34.
Nc4 Nxc4 35. Bxc4 b5 36. Bb3 Bd6 37. Rf7+ Kg6 38. g4 fxg4 39. hxg4 Bf4 40. Ra7
Rd2+ 41. Kf1 e3 42. Rxa6+ Kg7 43. Re6 Rf2+ 44. Kg1 Rxb2 45. Kf1 Kf7 46. Re4+ Kg7
47. g3 Rf2+ 48. Kg1 Rf3 49. gxf4 gxf4 50. c4 bxc4 51. Bxc4 Kf6 52. a4 Kg5 53. a5
Rf2 54. a6 Rc2 55. a7 Rc1+ 56. Kg2 Ra1 57. Re7 Kxg4 58. Bd5 e2 59. Bf3+ Kh4 60.
Bxe2 Ra2 61. Kf3 Kg5 62. Bc4 Ra3+ 63. Kf2 Kf6 64. Re6+ Kf5 65. Ra6 1-0

[Event "25th European Teams Women"]
[Site "Batumi GEO"]
[Date "2025.10.14"]
[Round "9.12"]
[Board "4"]
[White "Duson, Robin"]
[Black "Vanhuyse, Nele"]
[Result "1-0"]
[BlackTitle "WFM"]
[WhiteElo "2188"]
[BlackElo "2020"]
[WhiteTeam "Netherlands"]
[BlackTeam "Belgium"]
[WhiteFideId "1055038"]
[BlackFideId "228818"]
[EventDate "2025.10.05"]

1. d4 Nf6 2. c4 g6 3. Nc3 Bg7 4. e4 d6 5. Be2 O-O 6. Be3 e5 7. d5 Na6 8. g4 Nc5
9. f3 a5 10. h4 h5 11. g5 Ne8 12. Qd2 Bd7 13. O-O-O Na4 14. Nb5 Nb6 15. Kb1 Nc8
16. Nh3 Bxh3 17. Rxh3 Qe7 18. Rc1 c6 19. Nc3 Nc7 20. Rhh1 Rd8 21. Rhd1 Rb8 22.
Na4 cxd5 23. cxd5 b5 24. Qxa5 Nxd5 25. Rxd5 bxa4 26. Rb5 Rxb5 27. Bxb5 Rf8 28.
Ba6 Qe6 29. Qxa4 Ne7 30. Rc7 Rd8 31. Qb4 Bf8 32. Qb7 d5 33. Bc5 dxe4 34. Bxe7
Bxe7 35. Rxe7 Qd6 36. a3 Qd1+ 37. Ka2 Qxf3 38. Bc4 Rf8 39. Rxe5 Qf2 40. Qxe4 Kg7
41. Re7 Qd2 42. Qe5+ 1-0

[Event "25th European Teams Women"]
[Site "Batumi GEO"]
[Date "2025.10.14"]
[Round "9.13"]
[Board "1"]
[White "Efroimski, Marsel"]
[Black "Badelka, Olga"]
[Result "1/2-1/2"]
[WhiteTitle "IM"]
[BlackTitle "IM"]
[WhiteElo "2380"]
[BlackElo "2377"]
[WhiteTeam "Israel"]
[BlackTeam "Austria"]
[WhiteFideId "2810964"]
[BlackFideId "13509926"]
[EventDate "2025.10.05"]

1. e4 e5 2. Nf3 Nc6 3. Nc3 Nf6 4. Bb5 Nd4 5. Nxd4 exd4 6. e5 dxc3 7. exf6 Qxf6
8. dxc3 Bc5 9. O-O O-O 10. Qg4 d5 11. Qf4 Qxf4 12. Bxf4 c6 13. Bd3 Re8 14. Rfe1
Rxe1+ 15. Rxe1 Bd7 16. Kf1 Re8 17. Rxe8+ Bxe8 18. Ke2 g6 19. Be3 Bxe3 20. Kxe3
Kf8 21. c4 dxc4 22. Bxc4 Ke7 23. h4 h6 24. g3 g5 25. hxg5 hxg5 26. a3 f6 27. c3
Bh5 28. Ke4 Bg6+ 29. Ke3 Bh5 30. Ke4 Bg6+ 31. Ke3 1/2-1/2

[Event "25th European Teams Women"]
[Site "Batumi GEO"]
[Date "2025.10.14"]
[Round "9.13"]
[Board "2"]
[White "Schloffer, Jasmin-Denise"]
[Black "Klinova, Masha"]
[Result "1/2-1/2"]
[WhiteTitle "WIM"]
[BlackTitle "IM"]
[WhiteElo "2186"]
[BlackElo "2235"]
[WhiteTeam "Austria"]
[BlackTeam "Israel"]
[WhiteFideId "1631209"]
[BlackFideId "2802015"]
[EventDate "2025.10.05"]

1. d4 d6 2. c4 e5 3. Nf3 e4 4. Ng5 f5 5. Nc3 Be7 6. h4 Nf6 7. Bf4 c6 8. e3 Na6
9. Be2 O-O 10. Nh3 Nc7 11. Bg3 Be6 12. Ng5 Bc8 13. Nh3 Be6 14. Ng5 Bc8 15. Nh3 1/2-1/2

[Event "25th European Teams Women"]
[Site "Batumi GEO"]
[Date "2025.10.14"]
[Round "9.13"]
[Board "3"]
[White "Orian, Noga"]
[Black "Exler, Veronika"]
[Result "1/2-1/2"]
[WhiteTitle "WIM"]
[BlackTitle "WIM"]
[WhiteElo "2235"]
[BlackElo "2180"]
[WhiteTeam "Israel"]
[BlackTeam "Austria"]
[WhiteFideId "2836475"]
[BlackFideId "1620550"]
[EventDate "2025.10.05"]

1. d4 Nf6 2. c4 g6 3. Nc3 d5 4. cxd5 Nxd5 5. Bd2 c5 6. e4 Nxc3 7. Bxc3 cxd4 8.
Bxd4 e5 9. Bc3 Qxd1+ 10. Rxd1 Nc6 11. Bb5 Bd7 12. Nf3 f6 13. Ke2 Be7 14. Rc1 Kf7
15. Rhd1 Rhd8 16. Ba5 Rdc8 17. Rxd7 Nxa5 18. Rcc7 Rxc7 19. Rxc7 a6 20. Bd3 Ke8
21. b4 Bxb4 22. Rxh7 Rc8 23. Nd2 Rc1 24. Nb3 Re1+ 25. Kf3 Rd1 26. Bc2 Rd7 27.
Rh8+ Kf7 28. Nxa5 Bxa5 29. Rc8 Kg7 30. Rb8 Bb4 31. Bb3 Bc5 32. Bd5 b6 33. a4 Rc7
34. Rb7 Rxb7 35. Bxb7 a5 36. Kg3 f5 37. exf5 gxf5 38. f3 Be3 39. h4 Kg6 40. Bd5
Kh6 41. Kh3 f4 42. Kg4 Bf2 43. Be4 Be1 44. Bc6 Bf2 45. Be8 Be1 46. h5 Bf2 47.
Kf5 Bd4 48. Bf7 Bc3 49. Ke4 1/2-1/2